000
00170nam a2200085 4500
001
1258994
005
20260410111158.0
245
_a
22-11-63
_c
STEPHAN KİNG
260
_b
ALTIN
999
_c
1258994
_d
1258994